Engineering thermodynamics (Record no. 71569)

000 -LEADER
fixed length control field 00668nam a22002057a 4500
003 - CONTROL NUMBER IDENTIFIER
control field NUST - PNEC
005 - DATE AND TIME OF LATEST TRANSACTION
control field 20170116181204.0
008 - FIXED-LENGTH DATA ELEMENTS--GENERAL INFORMATION
fixed length control field 160222b xxu||||| |||| 00| 0 eng d
020 ## - INTERNATIONAL STANDARD BOOK NUMBER
International Standard Book Number 9788184873191
040 ## - CATALOGING SOURCE
Transcribing agency LIBRARY
082 ## - DEWEY DECIMAL CLASSIFICATION NUMBER
Classification number 621.4021 MUR
100 ## - MAIN ENTRY--PERSONAL NAME
9 (RLIN) 16584
Personal name Murugan, S.
245 ## - TITLE STATEMENT
Title Engineering thermodynamics
Statement of responsibility, etc. S. Murugan
250 ## - EDITION STATEMENT
Edition statement -
260 ## - PUBLICATION, DISTRIBUTION, ETC.
Place of publication, distribution, etc. New Delhi
Name of publisher, distributor, etc. Narosa Publishing House
Date of publication, distribution, etc. c.2014
300 ## - PHYSICAL DESCRIPTION
Extent 394 pages
650 ## - SUBJECT ADDED ENTRY--TOPICAL TERM
9 (RLIN) 16583
Topical term or geographic name entry element Thermodynamics
General subdivision ME, IME
856 ## - ELECTRONIC LOCATION AND ACCESS
Uniform Resource Identifier <a href="http://www.amazon.in/Engineering-Thermodynamics-Murugan-S/dp/8184873190/ref=sr_1_1?s=books&ie=UTF8&qid=1456121025&sr=1-1&keywords=9788184873191">http://www.amazon.in/Engineering-Thermodynamics-Murugan-S/dp/8184873190/ref=sr_1_1?s=books&ie=UTF8&qid=1456121025&sr=1-1&keywords=9788184873191</a>
942 ## - ADDED ENTRY ELEMENTS (KOHA)
Source of classification or shelving scheme
Koha item type Book
Holdings
Withdrawn status Lost status Source of classification or shelving scheme Materials specified (bound volume or other part) Damaged status Not for loan Permanent Location Current Location Shelving location Date acquired Source of acquisition Cost, normal purchase price Total Checkouts Full call number Barcode Date last seen Cost, replacement price Price effective from Koha item type
      paperback     Pakistan Navy Engineering College (PNEC) Pakistan Navy Engineering College (PNEC) Reference 12/03/2015 Progressive International Agencies / Ref Grant 553.99   621.4021 MUR PNECLIB-032622 02/22/2016 553.99 12/03/2015 Book
© 2023 Central Library, National University of Sciences and Technology. All Rights Reserved.